The greatest N0.1 singles : cédérom (Record no. 9141)

MARC details
000 -LEADER
fixed length control field 00349nam a2200133 4500
008 - FIXED-LENGTH DATA ELEMENTS--GENERAL INFORMATION
fixed length control field b xx fre u
040 ## - CATALOGING SOURCE
Original cataloging agency LB-BrCRDP
082 1# - DEWEY DECIMAL CLASSIFICATION NUMBER
Classification number 782.42
Item number Sin
245 14 - TITLE STATEMENT
Title The greatest N0.1 singles : cédérom
260 ## - PUBLICATION, DISTRIBUTION, ETC.
Place of publication, distribution, etc. ****
Name of publisher, distributor, etc. EMI
260 ## - PUBLICATION, DISTRIBUTION, ETC.
Place of publication, distribution, etc. ****
Name of publisher, distributor, etc. Virgin
942 ## - ADDED ENTRY ELEMENTS (KOHA)
Koha item type Books
Holdings
Withdrawn status Lost status Source of classification or shelving scheme Damaged status Not for loan Home library Current library Shelving location Date acquired Source of acquisition Cost, normal purchase price Total Checkouts Full call number Barcode Date last seen Copy number Price effective from Koha item type
    Dewey Decimal Classification     مكتبة دار المعلمين و المعلمات - بئر حسن مكتبة دار المعلمين و المعلمات - بئر حسن Salle de Lecture 05/05/2011 Ambassade de France 0.00   782.42 Sin CRB3778 07/27/2016 1 07/27/2016 Books
    Dewey Decimal Classification     مكتبة دار المعلمين و المعلمات - بئر حسن مكتبة دار المعلمين و المعلمات - بئر حسن Salle de Lecture 05/05/2011 Ambassade de France 0.00   782.42 Sin CRB3779 07/27/2016 2 07/27/2016 Books